000
00294nam a2200109Ia 4500
008
190216s9999||||xx |||||||||||||| ||und||
100
_a
"Keith Yorston R, Bryan Smyth E
 Brown Sr"
245
0
_a
Accounting Fundamentals
260
_b
The Law Book Company
_c
1966
300
_a
663p
942
_c
BK
999
_c
4437
_d
4437